Southville International School and Colleges
Your cart is empty.
  • Cart
  • Lists
    Public lists Eva Luna New books Lux_list list_1
    Your lists Log in to create your own lists
  • Log in to your account
  • Your cookies
  • Search history
Southville International School and Colleges
  • Advanced search
  • Recent comments
  • Most popular
  • Libraries

Log in to your account

Log in with GOOGLE


If you do not have an external account, but do have a local account, you can still log in:

  1. Home
  2. MARC view: Operating systems:
Normal view MARC view ISBD view

Operating systems: (Record no. 366035)

[ view plain ]
MARC details
000 -LEADER
fixed length control field 00664nam a22002057a 4500
003 - CONTROL NUMBER IDENTIFIER
control field 0
005 - DATE AND TIME OF LATEST TRANSACTION
control field 20240726142928.0
008 - FIXED-LENGTH DATA ELEMENTS--GENERAL INFORMATION
fixed length control field 240726b xxu||||| |||| 00| 0 eng d
022 ## - INTERNATIONAL STANDARD SERIAL NUMBER
Source 9781641729642
050 ## - LIBRARY OF CONGRESS CALL NUMBER
Classification number QA 76.77
Item number .H65 2022
100 ## - MAIN ENTRY--PERSONAL NAME
Personal name Holmes, Mary
245 ## - TITLE STATEMENT
Title Operating systems:
Remainder of title design and implememtation
Statement of responsibility, etc Mary Holmes
260 ## - PUBLICATION, DISTRIBUTION, ETC. (IMPRINT)
Place of publication, distribution, etc New York, NY
Name of publisher, distributor, etc Larsen and Keller Education
Date of publication, distribution, etc 2022
300 ## - PHYSICAL DESCRIPTION
Extent 235 pages ;
Dimensions 27cm.
504 ## - BIBLIOGRAPHY, ETC. NOTE
Bibliography, etc Includes bibliographical references and index.
650 ## - SUBJECT ADDED ENTRY--TOPICAL TERM
Topical term or geographic name as entry element Operating systems (Computers).
650 ## - SUBJECT ADDED ENTRY--TOPICAL TERM
Topical term or geographic name as entry element Operating systems (Computers)--Design and contruction.
650 ## - SUBJECT ADDED ENTRY--TOPICAL TERM
Topical term or geographic name as entry element System design.
942 ## - ADDED ENTRY ELEMENTS (KOHA)
Source of classification or shelving scheme Library of Congress Classification
Koha item type Books
Holdings
Withdrawn status Lost status Source of classification or shelving scheme Damaged status Home library Current library Shelving location Date acquired Source of acquisition Sub Shelving location Total Checkouts Full call number Barcode Date last seen Price effective from Koha item type
    Library of Congress Classification   College Library College Library Reserve Section 07/26/2024 Library Fund     QA 76.77 .H65 2022 C23460 07/26/2024 07/26/2024 Books

Operating systems:

APA

Holmes M., . (2022). Operating systems. New York, NY: Larsen and Keller Education.

Chicago

Holmes Mary, . 2022. Operating systems. New York, NY: Larsen and Keller Education.

Harvard

Holmes M., . (2022). Operating systems. New York, NY: Larsen and Keller Education.

MLA

Holmes Mary, . Operating systems. New York, NY: Larsen and Keller Education. 2022.

  • Place hold
  • Print
  • Cite
  • Add to your cart (remove)
  • Save record
    BIBTEX Dublin Core MARCXML MARC (non-Unicode/MARC-8) MARC (Unicode/UTF-8) MARC (Unicode/UTF-8, Standard) MODS (XML) RIS
  • More searches
    Search for this title in:
    Other Libraries (WorldCat) Other Databases (Google Scholar) Online Stores (Bookfinder.com) Open Library (openlibrary.org)

Exporting to Dublin Core...

SOUTHVILLE LIBRARY

Southville International School and Colleges Library

1281 Tropical Ave. Cor. Luxembourg St., BF Homes International, Las Pinas City

Tel. No. 8256374 / 252358 Loc. 117/146

Powered by Koha